000 01560cam a22004454i 4500
003 PE-LiUPU
005 20250731173515.0
008 150616s r 000 0 d
035 _a(Sirsi) a7947
040 _aPE-LiUPU
_bspa
_cPE-LiUPU
_erda
049 _aPRUA
082 0 4 _a286.7
_bF81
_221
100 1 _aFrazee, W. D.,
_eautor.
245 1 0 _aRansom and Reunion :
_bthrough tne sanctuary /
_cW. D. Frazee.
264 1 _aNashville, Tennessee :
_bSourthern Publishing Association,
_c1977.
300 _a124 páginas :
_b19 cm.
336 _atext
_2rdacontent
337 _aunmediated
_2rdamedia
338 _avolume
_2rdacarrier
505 0 _aThe bridegroom tarries.- What are you worth?.- Solving the great problem.- The lamb tha Dies.- The priest that lives.- The day of atonement.- The cure for sin.
526 _aSEG42
526 _aSEG41
526 _aSEG40
526 _aSEG39
526 _aP94
526 _aP87
526 _aP86
526 _aP85
526 _aP77
526 _aP76
526 _aP35
650 0 4 _aSantuario celestial.
910 _ajck
_bjvq
_cjck
942 _2ddc
_cBOOK
949 _a286.7 F81
_wDEWEY
_c1
_i41580
_lCCODEBUL1
_mBUL
_p00.00
_r0
_sY
_tBOOK
_u19960805
_xTEOLOGIA
_zUNKNOWN
_0COMPRA
_o.STAFF. Colección General
994 _aC0
_bPEPRU
596 _a1
999 _a286.7 F81
_wDEWEY
_c59244
_i41580
_f2021-11-11
_g6
_lCCODEBUL1
_mBUL
_r0
_sY
_tBOOK
_u2015-6-16
_xTEOLOGIA
_zUNKNOWN
_0COMPRA
_o.STAFF. Colección General
_d59244
980 _81
_gALBERTO SANCHEZ Responsable de Automatización